01185nam a2200193Ia 4500001001000000003001000010008004100020040002500061041001300086100001900099245011400118250001100232260006400243300001200307500026200319501011400581520026200695650003400957L235-8286IT-CnALBA170116s9999||||xx |||||||||||||| ||und|| aIT-CnALBAcIT-CnALBA aITALIANO aMESANGUY MONS. 0aLE VITE DEI SANTI PER TUTTI I GIORNI DELL'ANNO E COLLE ISTRUZIONI SOPRA LE DOMENICHE E FESTE MOBILI. VOL. V.  a1a ed. a TO, VERCELLIbPRATO F. E PANIALIS G. c1792 [1° Ed.:1792] a278 p.  aPREGHIRA, PRATICA DI VIRTÙ, VITA DEL SANTO. TRADUZIONE DAL FRANCESE DI CORNARO A. GIUSEPPE. AGOSTO SETTEMBRE. 7 FRATELLI MACCABEI. DOMENICO TRASFIGURAZIONE. LORENZO MARTIRE. CHIARA ASSUNZIONE DI MARIA. BERNARDO ABATE. LUIGI RE. AGOSTINO DI IPPONA. LORENZO aSocietà San Paolo EM - Piazza San Paolo, 14 - 12051 ALBA (CN) (non commercial uses only) ® Copyright 2017 aPREGHIRA, PRATICA DI VIRTÙ, VITA DEL SANTO. TRADUZIONE DAL FRANCESE DI CORNARO A. GIUSEPPE. AGOSTO SETTEMBRE. 7 FRATELLI MACCABEI. DOMENICO TRASFIGURAZIONE. LORENZO MARTIRE. CHIARA ASSUNZIONE DI MARIA. BERNARDO ABATE. LUIGI RE. AGOSTINO DI IPPONA. LORENZO aMARIA SS. ANGELI SANTI DEMONI